| Поле | Инд. | ПП | Название | Значение |
|---|---|---|---|---|
| Тип записи | a | |||
| Библиографический уровень | b | |||
| 001 | Контрольный номер | RU/IS/BASE/372856822 | ||
| 005 | Дата корректировки | 20200522191503.2 | ||
| 008 | Кодируемые данные | 20111025 | ||
| 084 | a | Индекс другой классификации/Индекс ББК | 39.6; 65.012.34; 65.050.1 | |
| 100 | 1_ | a | Автор | Пайсон Д. Б. |
| q | Полное имя | Пайсон Дмитрий Борисович | ||
| 245 | a | Заглавие | Государственно-частное партнерство как институт развития в области космической деятельности: зарубежный опыт и российские планы | |
| 504 | a | Библиография | Лит.: с. 32 - 33. - Примеч.: с. 34 | |
| 520 | a | Аннотация | Рассматривается имеющийся международный опыт применения различных схем государственно-частного партнерства для решения актуальных задач космической деятельности в области космической навигации, дистанционного зондирования Земли, научных космических исследований. Описываются основные направления и ограничения применимости подобных моделей в интересах развития отечественной космической деятельности. Приводятся рекомендации по избежанию "институциональных ловушек", связанных с непосредственным участием государства в деятельности на рынках с потенциально высоким коммерческим потенциалом. | |
| 650 | a | Основная рубрика | космонавтика | |
| a | Основная рубрика | управление экономикой | ||
| a | Основная рубрика | экономика | ||
| a | Основная рубрика | экономическая теория | ||
| a | Основная рубрика | техника | ||
| 653 | a | Ключевые слова | Великобритания | |
| a | Ключевые слова | Германия | ||
| a | Ключевые слова | ГЛОНАСС | ||
| a | Ключевые слова | государственно-частное партнерство (ГЧП) | ||
| a | Ключевые слова | дистанционное зондирование Земли | ||
| a | Ключевые слова | институциональное проектирование | ||
| a | Ключевые слова | космическая деятельность | ||
| a | Ключевые слова | космическая навигация | ||
| a | Ключевые слова | космические исследования | ||
| a | Ключевые слова | космические программы | ||
| a | Ключевые слова | международное космическое сотрудничество | ||
| a | Ключевые слова | навигационная деятельность | ||
| a | Ключевые слова | научные исследования | ||
| a | Ключевые слова | Норвегия | ||
| a | Ключевые слова | Россия | ||
| a | Ключевые слова | рынок космических услуг | ||
| a | Ключевые слова | спутниковая навигация | ||
| a | Ключевые слова | Франция | ||
| 773 | t | Заглавие источника | Вопросы государственного и муниципального управления | |
| d | Дата издания источника | 2009 | ||
| g | Прочая информация | № 3. - С. 17 - 31 | ||
| w | Контрольный № источника | RU/IS/BASE/309528796 | ||
| 901 | t | Тип документа | b |